RELIGION WITHOUT REVELATION/

INCLUYE BIBLIOGRAFIA

Salvato in:
Dettagli Bibliografici
Autore principale: Huxley, Julian (autor)
Natura: Libro
Soggetti:
Tags: Aggiungi Tag
Nessun Tag, puoi essere il primo ad aggiungerne!!

MARC

LEADER 00000nam^a2200000^a^4500
001 000221158
005 20250530000000.0
009 20260310103908.892
035 |a 014518 
037 |a Acervo Xavier Clavigero 
082 |a 200.  |b HUX 
100 |a Huxley, Julian  |e (autor) 
245 1 0 |a RELIGION WITHOUT REVELATION/  |c JULIAN HUXLEY 
264 |a Nueva York, EUA :  |b New American Library,  |c 1958 
300 |a 222p. 
336 |a texto  |b txt  |2 rdacontenido 
337 |a sin mediación  |b n  |2 rdamedio 
338 |a volumen  |b nc  |2 rdasoporte 
520 |a INCLUYE BIBLIOGRAFIA 
649 |a XX 
650 |a Religión 
650 |a Religión y Ciencia 
910 |a Fondo General 
920 |a Impresos - Libros 
930 |a Colección General 
905 |a 101 
901 |a 014518  |b IT1  |c ACC  |i 014518  |u 20250521 
902 |a https://opac.biblio.iteso.mx/vufind/Record/000221158